000 00761nam a2200253Ia 4500
003 OSt
005 20220928124130.0
006 a|||||r|||| 00| 0
007 ta
008 220927b |||||||| |||| 00| 0 eng d
024 _a31280
037 _cTextual
040 _aSDCL
_cSDCL
_beng
041 _2eng
_aeng
082 _aL7, P1
100 _aSteinmetz Joseph E Ed.
_9463486
245 0 _aModel systems and the neurobiology of associative learning .
260 _aNew Jersey
_bLawrence Erlbaum
_c2001
300 _axv,422p.
_ccm.
700 _a Gluck Mark A Ed.
_9463487
700 _a Solomon Paul R Ed.
_9463488
942 _hL7, P1
_cTEXL
_2CC
999 _c776383
_d776383